000 00901nam a22002532 4500
005 20070419102910.0
008 820323s1923 enk 000 0 eng
010 _aENG-91958
020 _a9788174875723
_c595.00
020 _a8174875727
_c595.00
035 _aEN-75491
037 _bDBAD / PUB
040 _adpl
_bEnglish
082 _a882.08
100 _aBradley, A.C.
245 _aShakespearean tragedy /
_cby A.C. Bradley
260 _aNew Delhi
_bRadha Publications
_c2008
300 _axi, 498p.
_c22 cm (Hb)
500 _aIncludes index
600 _aShakespeare, William, 1546-1616
_xTragedies
650 _aEnglish drama (Tragedy)
_xHistory and criticism
942 _2ddc
_cEN
_mBRA
_h882.08
999 _c19393
_d19393